|
|
|
|
| LEADER |
00672cam a2200205 7i4500 |
| 001 |
0000010269 |
| 005 |
20011129090000.0 |
| 022 |
0 |
0 |
|a 00756628
|
| 090 |
0 |
0 |
|a ASTL 338.7025
|b KOM
|
| 245 |
0 |
0 |
|a Kompass :
|b Australia 2001.
|
| 250 |
0 |
0 |
|a 30th ed.
|
| 260 |
0 |
0 |
|a Victoria:
|b APN Business Information Group,
|c 2001.
|
| 300 |
# |
# |
|a [v.p].
|
| 500 |
0 |
0 |
|a Vol. 2 : Company information
|
| 500 |
0 |
0 |
|a Vol. 1 : Products & services
|
| 650 |
0 |
0 |
|a Business --
|x Directories --
|z Australia
|
| 650 |
0 |
0 |
|a Importers --
|x Directories --
|z Australia
|
| 650 |
0 |
0 |
|a Exporters --
|x Directories --
|z Australia
|
| 651 |
0 |
0 |
|a Australia
|
| 999 |
|
|
|a B000012898
|b Directories
|c Countries
|e Business Information Centre
|